[Event "Indian independent day : 2015 (world cup)"]
[Site "SchemingMind.com"]
[Date "2016.03.11"]
[Round "-"]
[White "LaykovD"]
[Black "DrozdM"]
[Result "1/2-1/2"]
[WhiteCountry "RUS"]
[BlackCountry "RUS"]
[WhiteElo "2279"]
[WhiteRD "136"]
[BlackElo "2307"]
[BlackRD "119"]
[GameID "396496"]

1. e4 e5 2. Nf3 Nc6 3. Bb5 Bc5 4. O-O Nge7 5. c3 a6 6. Bc4 b5 7. d4 exd4 8. cxd4 Bb6 9. Bb3 h6 10. a3 d5
11. exd5 Na5 12. Bc2 O-O 13. Nc3 Bf5 14. Bxf5 Nxf5 15. b4 Nc4 16. Qd3 Qf6 17. Rd1 Rfe8 18. h3 Rad8 19. a4 Ncd6 20. axb5 Nxb5
21. Rxa6 Nxc3 22. Qxc3 Qd6 23. Qb3 Qxd5 24. Qxd5 Rxd5 25. Kf1 f6 26. g4 Ne7 27. Bf4 g5 28. Bd2 Nc6 29. Bc3 Rb5 30. Ra4 Kf7
31. Ne1 h5 32. Rd3 hxg4 33. hxg4 f5 34. gxf5 Rxf5 35. Ra2 Rd8 36. Ra6 Kg6 37. Nc2 Rdf8 38. Be1 Rf4=
1/2-1/2

[Event "Indian independent day : 2015 (world cup)"]
[Site "SchemingMind.com"]
[Date "2016.03.11"]
[Round "-"]
[White "DrozdM"]
[Black "LaykovD"]
[Result "1/2-1/2"]
[WhiteCountry "RUS"]
[BlackCountry "RUS"]
[WhiteElo "2307"]
[WhiteRD "119"]
[BlackElo "2279"]
[BlackRD "136"]
[GameID "396497"]

1. e4 e5 2. Nf3 Nf6 3. d4 exd4 4. e5 Ne4 5. Qxd4 d5 6. exd6 Nxd6 7. Qf4 Nc6 8. Bd3 g6 9. O-O Bg7 10. Nc3 O-O
11. Re1 Bf5 12. Bxf5 Nxf5 13. Be3 Bh6 14. Qa4 Nxe3 15. fxe3 Qd6 16. Rad1 Qb4 17. Qxb4 Nxb4 18. Nd5 Nxd5 19. Rxd5 Rae8 20. e4 Re7
21. e5 f6 22. exf6 Be3+ 23. Kf1 Rxf6 24. h3 Kf7 25. c3 Rfe6 26. Rd8 h5 27. h4 Kf6 28. a4 Kf5 29. g3 Bb6 30. Rxe6 Kxe6
31. Kg2 Kf5 32. a5 Be3 33. Nd2 Bxd2 34. Rxd2 Re5 35. Rd7 Rxa5 36. Rxc7 b6 37. Kf3 Ra2 38. Rd7=
1/2-1/2

[Event "Indian independent day : 2015 (world cup)"]
[Site "SchemingMind.com"]
[Date "2016.11.21"]
[Round "-"]
[White "chesshub"]
[Black "David Perna-Fraser"]
[Result "1-0"]
[WhiteCountry "FRA"]
[BlackCountry "CAN"]
[WhiteElo "2603"]
[WhiteRD "84"]
[BlackElo "2278"]
[BlackRD "73"]
[GameID "406724"]

1. e4 e5 2. Nf3 Nf6 3. Nxe5 d6 4. Nf3 Nxe4 5. d4 d5 6. Bd3 Bd6 7. O-O O-O 8. c4 c6 9. Qc2 Na6 10. a3 Bg4
11. Ne5 Bxe5 12. dxe5 Nac5 13. f3 Nxd3 14. Qxd3 Nc5 15. Qd4 Nb3 16. Qxg4 Nxa1 17. Bh6 g6 18. Nc3 Qb6+ 19. Kh1 Qxb2 20. Qf4 f5
21. Na4 Qe2 22. Rxa1 Rfe8 23. cxd5 Qxe5 24. Qxe5 Rxe5 25. dxc6 bxc6 26. Kg1 Rae8 27. Kf1 Re2 28. Rc1 Kf7 29. Nc3 Rb2 30. Nd1 Rbe2
31. Nf2 Ra2 32. Nh3 Ree2 33. Nf4 Reb2 34. h4 Rxa3 35. Bg5 a5 36. Kg1 Rb6 37. Re1 Rb7 38. Kh2 a4 39. Ne6 Rd7 40. Nd8+ Kg7
41. Re8 Rb3 42. Bf4 Rb5 43. Nxc6 a3 44. Ra8 Rc5 45. Nd8 Rc2 46. Ne6+ Kf7 47. Ng5+ Kf6 48. Rxa3 h6 49. Ra6+ Ke7 50. Nh3 Kf7
51. Bxh6 Rc4 52. Nf4 Rdd4 53. Nxg6 Ra4 54. Ne5+ Kg8 55. Rg6+ Kh7 56. Bf8 Rxh4+ 57. Kg3
1-0

[Event "Indian independent day : 2015 (world cup)"]
[Site "SchemingMind.com"]
[Date "2016.11.26"]
[Round "-"]
[White "David Perna-Fraser"]
[Black "chesshub"]
[Result "1/2-1/2"]
[WhiteCountry "CAN"]
[BlackCountry "FRA"]
[WhiteElo "2290"]
[WhiteRD "74"]
[BlackElo "2560"]
[BlackRD "91"]
[GameID "406725"]

1. e4 e5 2. Nf3 Nc6 3. Bc4 Bc5 4. O-O Nf6 5. d3 d6 6. c3 O-O 7. a4 a6 8. Re1 h6 9. Nbd2 a5 10. Nf1 Be6
11. Bxe6 fxe6 12. Qb3 Qd7 13. Ng3 Rf7 14. Be3 Bxe3 15. Rxe3 Raf8 16. h3 b6 17. Rd1 Qe8 18. Ne2 Nh5 19. Qb5 Nf4 20. Nxf4 exf4
21. Ree1 Ne5 22. Nxe5 Qxb5 23. axb5 dxe5 24. d4 exd4 25. Rxd4 g5 26. f3 Kg7 27. Kf2 Kf6 28. Red1 Rg8 29. Rd7 Rxd7 30. Rxd7 Rg7
31. Rd8=
1/2-1/2

[Event "Indian independent day : 2015 (world cup)"]
[Site "SchemingMind.com"]
[Date "2017.05.05"]
[Round "-"]
[White "chesshub"]
[Black "Yos"]
[Result "1/2-1/2"]
[WhiteCountry "FRA"]
[BlackCountry "INA"]
[WhiteElo "2623"]
[WhiteRD "78"]
[BlackElo "2546"]
[BlackRD "92"]
[GameID "413413"]

1. d4 Nf6 2. c4 c5 3. d5 e6 4. Nc3 exd5 5. cxd5 d6 6. e4 g6 7. f4 Bg7 8. Bb5+ Nfd7 9. a4 O-O 10. Nf3 Na6
11. O-O Nb4 12. Re1 a6 13. Bf1 Re8 14. h3 Nf6 15. Bc4 h6 16. Bd2 Rb8 17. Ra3 Nd7 18. g4 b6 19. Qb1 Re7 20. Bf1 Qe8
21. Nd1 f5 22. exf5 Rxe1 23. Bxe1 gxf5 24. Re3 Qf7 25. Nh4 fxg4 26. Nf5 Nf8 27. Nxg7 Qxg7 28. Rg3 Qg6 29. Qc1 Qc2 30. Qxc2 Nxc2
31. Bc3 Nd4 32. hxg4 Bd7 33. Bd3 Bxa4 34. Nf2 Bb5 35. Bxd4 cxd4 36. Bxb5 axb5 37. Rd3 Rc8 38. Rxd4 Rc4 39. Rxc4 bxc4 40. Kg2 b5
41. Kf3 b4=
1/2-1/2

[Event "Indian independent day : 2015 (world cup)"]
[Site "SchemingMind.com"]
[Date "2017.05.05"]
[Round "-"]
[White "Yos"]
[Black "chesshub"]
[Result "1/2-1/2"]
[WhiteCountry "INA"]
[BlackCountry "FRA"]
[WhiteElo "2549"]
[WhiteRD "91"]
[BlackElo "2627"]
[BlackRD "81"]
[GameID "413414"]

1. c4 e5 2. Nc3 Nf6 3. Nf3 Nc6 4. g3 d5 5. cxd5 Nxd5 6. Bg2 Nb6 7. O-O Be7 8. Rb1 a5 9. d3 O-O 10. Be3 Be6
11. a3 f5 12. Bxb6 cxb6 13. e3 Bf6 14. Qe2 Rc8 15. Nd2 Rc7 16. Rfd1 Rd7 17. Nc4 Re8 18. Qc2 e4 19. Bf1 Bxc3 20. bxc3 b5
21. Nb2 Ne5 22. dxe4 Rd2 23. Rxd2 Qxd2 24. Qxd2 Nf3+ 25. Kg2 Nxd2 26. Rd1 Nxf1 27. Kxf1 fxe4 28. Rd6 Bh3+ 29. Ke1 Rc8 30. Kd2 Rf8
31. Ke1 Rc8 32. Kd2 Rf8 33. Ke1=
1/2-1/2